000 01409nam0a22002651 4500
001 v19\rc\1750226
005 20260406155754.0
035 _a(NLR Aleph) 004854552
090 _a4952868
_c4952868
100 _a20061204d1915 |||y0rusy50 ca
101 0 _arus
102 _aRU
105 _aa b |||||
200 1 _aКаталог хромолитографических св. изображений и именных икон, а также живописных икон на кипарисовых досках, книг, брошюр, листков, афонских масл и проч.
205 _a12-е изд. Год изд. 20
210 _aОдесса
_cРус. на св. Афон. горе общежит. св.-Ильин. скит
_d1915
215 _a48 с.
_cил.
532 1 2 _aКаталог хромолитографических святых изображений и именных икон, а также живописных икон на кипарисовых досках, книг, брошюр, листков, афонских масл и проч.
710 0 2 _aРусский Ильинский общежительный скит на святой горе Афонской
_3RU\NLR\AUTH\889931123
_9357707
801 0 _aRU
_bNLR
_gpsbo
801 0 _aRU
_bRuMoRGB
_2psbo
801 1 _aRU
_bProSoft-M
_2rusmarc
852 _aNLR
_j18.334.1.464(6)
942 _cBOOK
980 _aNB